LIBRARY ONLINE CATALOGUE

The Kilindi. (Record no. 12658)

MARC details
000 -LEADER
fixed length control field 00537nam a22001932 4500
001 - CONTROL NUMBER
control field 0000001881
005 - DATE AND TIME OF LATEST TRANSACTION
control field 20151217155814.0
008 - FIXED-LENGTH DATA ELEMENTS--GENERAL INFORMATION
fixed length control field 070328s xx 000 0 eng d
040 ## - CATALOGING SOURCE
Original cataloging agency KABU
Transcribing agency KABU
050 #0 - LIBRARY OF CONGRESS CALL NUMBER
Classification number DT443.3
Item number .K54A23
100 1# - MAIN ENTRY--PERSONAL NAME
Personal name Abdallah bin Hemedi 'Iajjemy.
-- 0000150950
245 14 - TITLE STATEMENT
Title The Kilindi.
260 ## - PUBLICATION, DISTRIBUTION, ETC. (IMPRINT)
Place of publication, distribution, etc. Nairobi :
Name of publisher, distributor, etc. EALB,
Date of publication, distribution, etc. 1963.
300 ## - PHYSICAL DESCRIPTION
Extent xxxvi, 238 p.
600 10 - SUBJECT ADDED ENTRY--PERSONAL NAME
Personal name Kilindi (African people)
-- 0000150951
908 ## - PUT COMMAND PARAMETER (RLIN)
Put command parameter 070328
950 ## - LOCAL HOLDINGS (RLIN)
-- 1
Holdings
Withdrawn status Lost status Source of classification or shelving scheme Not for loan Home library Current library Date acquired Total Checkouts Full call number Barcode Date last seen Price effective from Koha item type
    Library of Congress Classification   Kabarak, Main Campus Kabarak, Main Campus 17/12/2015   DT443.3 .K54A23 001791 17/12/2015 17/12/2015 Africana Collection